| 000 | 00579nam a2200193Ia 4500 | ||
|---|---|---|---|
| 003 | LK-CoDNM | ||
| 008 | 010623t1932 xxu||||| |||| 00| 1 sin d | ||
| 040 |
_aLK-CoDNM _dLK-CoDNM _eLK-CoDNM |
||
| 041 | _asin | ||
| 080 | _a104 C 23 | ||
| 100 |
_aDevid,G.K _eed. |
||
| 245 | _aබුද්ධ චරිතය ඉගැන්වීමේ පහසු කර්මය | ||
| 246 | _aBuddha Charithaya igenvime Pahasu Kramaya . Pratama Bagaya | ||
| 260 |
_bSri Lankodaya _aColombo _c1932 |
||
| 300 | _b32p, 23 cm | ||
| 650 | _aDaham Kavi | ||
| 650 | _aNaraseeha Gata | ||
| 942 | _cBK | ||
| 999 |
_c96360 _d96360 |
||